LEADER 01886nam 2200421 n 450 001 996389930203316 005 20200824121226.0 035 $a(CKB)4940000000101818 035 $a(EEBO)2240940132 035 $a(UnM)99839740e 035 $a(UnM)99839740 035 $a(EXLCZ)994940000000101818 100 $a19910104d1629 uy | 101 0 $aeng 135 $aurbn||||a|bb| 200 00$aHerodian of Alexandria his History of tvventy Roman Cęsars and emperors (of his time.)$b[electronic resource] $eRelating the strange coniunctures and accidents of state, that hapned in Europe, Asia, and Afrike, in the reuolution of seuenty yeares. ... Interpreted out of the Greeke originall 210 $aLondon $cPrinted [by Eliot's Court Press and Miles Flesher] for Hugh Perry at the Harrow in Britaines Burse$d1629 215 $a[24], 262, [2], 96, 99-110 p 300 $aSigned at end by translator: I.M., i.e. James Maxwell?. 300 $aIdentification of printers from STC. Flesher printed books 6-8, which have separate pagination and register commencing with 3A. 300 $aVariant: with an added dedication leaf to the Earl of Salisbury and Algernon, Lord Percy. 300 $aReproduction of the original in the University of Illinois (Urbana-Champaign Campus). Library. 330 $aeebo-0167 606 $aEmperors$zRome$vEarly works to 1800 607 $aRome$xHistory$yEmpire, 30 B.C.-284 A.D$vEarly works to 1800 615 0$aEmperors 700 $aHerodian$0486485 701 $aMaxwell$b James$fb. 1581.$01004820 701 $aI. M$ffl. 1629.$01012351 801 0$bCu-RivES 801 1$bCu-RivES 801 2$bUk-ES 801 2$bCStRLIN 801 2$bWaOLN 906 $aBOOK 912 $a996389930203316 996 $aHerodian of Alexandria his History of tvventy Roman Cęsars and emperors (of his time.)$92350188 997 $aUNISA LEADER 01526nam 2200361 n 450 001 996392836103316 005 20221108100645.0 035 $a(CKB)1000000000685653 035 $a(EEBO)2240914636 035 $a(UnM)99856030 035 $a(EXLCZ)991000000000685653 100 $a19920918d1633 uy | 101 0 $aeng 135 $aurbn||||a|bb| 200 10$aCertaine learned and elegant vvorkes of the Right Honorable Fulke Lord Brooke$b[electronic resource] $ewritten in his youth, and familiar exercise with Sir Philip Sidney. The seuerall names of which workes the following page doth declare 210 $aLondon $cPrinted by E[lizabeth] P[urslowe] for Henry Seyle, and are to be sold at his shop at the signe of the Tygers head in St. Paules Church-yard$d1633 215 $a[4], 23-82, 298, [2] p 300 $aIn verse. 300 $aPrinter's name from STC. 300 $aThe first leaf and the last leaf are blank. 300 $a"Alaham" (caption title) begins new pagination on D1r. 300 $aQuires a-c were suppressed, and cancelled by quire pi. 300 $aReproduction of the original in the Henry E. Huntington Library and Art Gallery. 330 $aeebo-0113 700 $aGreville$b Fulke$cBaron Brooke,$f1554-1628.$0694872 801 0$bCu-RivES 801 1$bCu-RivES 801 2$bCStRLIN 801 2$bWaOLN 906 $aBOOK 912 $a996392836103316 996 $aCertaine learned and elegant vvorkes of the Right Honorable Fulke Lord Brooke$92375213 997 $aUNISA